000 07902njm a22006737a 4500
005 20050906105727.0
008 041019s2003 caumpn| i | eng d
010 _aB-269744-781, B-284178
020 _a9781905863068
_c250.00
035 _aB-269744-781, B-284178
040 _adpl
_bEnglish
082 _a615.535
100 _aChatterjee, Sneha
245 _aCommon health problems and nature cure /
_cby Sneha Chatterjee
260 _aNew Delhi
_bIBS Books
_c2008
300 _a98p. :
_bill. , col. photos
_c25cm (pbk)
505 _tPyar Do Pyar Lo /
_rSapna
_g(5:27) --
_tLaila O Laila /
_rKanchan; Amit Kumar & chorus
_g(4:29) --
_tTere Sang Pyar Main /
_rLata Mangeshkar
_g(3:38) --
_tHey Maine /
_rKishore Kumar; Lata Mangeshkar
_g(4:01) --
_tPal Bhar Ke Liye /
_rKishore Kumar; Usha Khana & chorsus
_g(4:44) --
_tYe Raatain /
_rLata Mangeshkar
_g(5:36) --
_tDil Aaj Shair Hai /
_rKishore Kumar
_g(3:28) --
_tWada Na Tod /
_rLata Mangeshkar
_g(5:57) --
_tMehbooba Mehbooba /
_rRahul Dev Burman
_g(3:55) --
_tKaahe Chhed /
_rpt. Birju Maharaj; Kavita Krishnamurthy; Madhuri Dixit
_g(5:19) --
_tHum Tumhen Chahte Hain /
_rKanchan; Manhar; Anand
_g(7:14) --
_tBadi Mushkil /
_rAlka Yagnik
_g(6:02) --
_tKehna Hi Kya /
_rChitra
_g(5:51) --
_tDo Pyaar /
_rSonu Nigham; Sunidhi Chauhan
_g(4:56) --
_tChori Chori /
_rAlka Yagnik; Babul Supriyo & chorus
_g(7:31).
942 _2ddc
_cEN
_mCHA
_h615.535
999 _c16074
_d16074